000 00462nam a2200169Ia 4500
008 190423s9999 xx 000 0 und d
100 _aBurnett, Derek
245 4 _aThe Human chain/
245 _cDerek Burnett
260 _bReader's Digest Asia
260 _c2019
300 _aPages 76-84, February 2019
440 _aAsia Reader's Digest: The Power of fake pills
_v115:672
650 _aCity Beach -- Florida
650 _aHeroism
650 _aTragedy
999 _c361504
_d361504